| 000 | 01288nam a2200301Ia 4500 | ||
|---|---|---|---|
| 005 | 20220317001108.0 | ||
| 008 | 160825s2008 ck a g 000 0 spa | ||
| 020 | _a97895830003012 | ||
| 082 | 0 | 4 |
_a796.334 _bP27f |
| 100 | 1 |
_aPerea Rosero, Tucídides _d1933- |
|
| 245 | 1 | 0 |
_aFútbol de salón _cTucídides Perea ; ilustrado por Juan Ramón Sierra Carrasquilla |
| 250 |
_a1a. edición _b7a. reimpresión |
||
| 300 |
_a158 páginas _bilustraciones en blanco y negro _c16 cm |
||
| 490 | _aReglamento oficial ilustrado | ||
| 500 | _aTomado del reglamento aprobado en el congreso de Argentina, 1994 y promulgado en el congreso de España, 1995 | ||
| 504 | _aIncluye bibliografía | ||
| 505 | _aCómo comprender mejor el fútbol de salón o microfútbol -- Glosario específico de la técnica y la táctica -- Reglas de juego -- Códigos de señales para la técnica arbitral | ||
| 650 | 1 | 4 |
_2LEMB _aMicrofutbol _vReglamentos |
| 650 | 1 | 4 |
_2LEMB _aMicrofutbol _xEnseñanza |
| 650 | 1 | 4 |
_2LEMB _aDeportes _xReglamentos |
| 700 | 1 |
_aSierra, Juan _912732 |
|
| 942 |
_2ddc _cBK |
||
| 264 |
_aBogotá _bPanamericana _c2008 |
||
| 336 |
_atexto _btxt _2rdacontent |
||
| 337 |
_asin mediación _bn _2rdamedia |
||
| 338 |
_avolumen _bnc _2rdacarrier |
||
| 040 |
_aCO-BoRNBP _bspa _erda _cCO-BoRNBP |
||
| 999 |
_c5915 _d5915 |
||